GDPが30兆円を超えている都市 - Statistics

General Stats
  • This quiz has been taken 33 times
  • The average score is 3 of 13
Answers on the Grid
Answers color-coded by a green-red scale on the quiz's grid according to % correct below.
SGP
ジャカルタ
ソウル
デリー
ドバイ
ドーハ
ハノイ
ハルビン
バンコク
ホーチミン
マカオ
マニラ
ムンバイ
上海
京都
仁川
仙台
北京
台北
名古屋
大連
大阪
寧波
岡山
平壌
広島
広州
新北
東京
横浜
深圳
神戸
福岡
福州
重慶
釜山
青島
静岡
香港
高雄
 
Answer Stats
Answer % Correct
上海
75%
ソウル
50%
東京
50%
SGP
50%
北京
25%
広州
25%
ジャカルタ
13%
香港
13%
ドーハ
0%
寧波
0%
深圳
0%
重慶
0%
青島
0%
No matching quizzes found
Score Distribution
Percent of People with Each Score
Percentile by Number Answered
Your Score History
You have not taken this quiz